The Hindu Speaks on Scientific Facts, Volume III (Record no. 47318)

MARC details
000 -LEADER
fixed length control field 00668nam a22001817a 4500
005 - DATE AND TIME OF LATEST TRANSACTION
control field 20260303143901.0
008 - FIXED-LENGTH DATA ELEMENTS--GENERAL INFORMATION
fixed length control field 260303b |||||||| |||| 00| 0 eng d
020 ## - INTERNATIONAL STANDARD BOOK NUMBER
International Standard Book Number 9789387791138
040 ## - CATALOGING SOURCE
Transcribing agency VITAP
082 ## - DEWEY DECIMAL CLASSIFICATION NUMBER
Edition number 23
Classification number 500 PAR
100 ## - MAIN ENTRY--PERSONAL NAME
Personal name Parthasarathy, Malini Ed.
9 (RLIN) 17184
245 ## - TITLE STATEMENT
Title The Hindu Speaks on Scientific Facts, Volume III
Statement of responsibility, etc. / Dr. Malini Parthasarathy Ed.
260 ## - PUBLICATION, DISTRIBUTION, ETC.
Place of publication, distribution, etc. Chennai
Name of publisher, distributor, etc. THG Publishing Pvt. Ltd.
Date of publication, distribution, etc. 2025
300 ## - PHYSICAL DESCRIPTION
Extent xxviii, 505p, ill.: 21cm
500 ## - GENERAL NOTE
General note It include index pages
650 #0 - SUBJECT ADDED ENTRY--TOPICAL TERM
Topical term or geographic name entry element Physical Sciences, Earth & Environmental Sciences, Life Sciences, Science & Technology, Scientific Temper & Research etc.
9 (RLIN) 17185
942 ## - ADDED ENTRY ELEMENTS (KOHA)
Source of classification or shelving scheme Dewey Decimal Classification
Koha item type Text Book
Holdings
Withdrawn status Lost status Source of classification or shelving scheme Materials specified (bound volume or other part) Damaged status Not for loan Collection code Home library Current library Shelving location Date acquired Source of acquisition Cost, normal purchase price Inventory number Total Checkouts Full call number Barcode Date last seen Cost, replacement price Price effective from Koha item type Public note
    Dewey Decimal Classification Paper Back   Not For Loan Reference School of Business & General Section VIT-AP Reference 2026-02-13 B.V. Pratap, The Hindu News Agent 400.00 2026/2/325   500 PAR 025533 2026-03-03 400.00 2026-02-13 Reference Book GEN
    Dewey Decimal Classification Paper Back       School of Business & General Section VIT-AP General Stacks 2026-02-13 B.V. Pratap, The Hindu News Agent 400.00 2026/2/325   500 PAR 025534 2026-03-03 400.00 2026-02-13 Text Book GEN

Visitor Number: